00306nam a2200121Ia 450000500170000000800410001708200130005810000190007124500190009026000370010930000120014650000260015820250325072958.0240331s9999 xx 000 0 und d bSIVa894 aSivasegaram, S 0aDevi ezhunthal aChennaibSouth Asian booksc1991 a81 p ., aA Collection of poems